[Event "Meisterschaft"]
[Site "?"]
[Date "2021.07.30"]
[Round "8.1"]
[White "Pirrot, Dieter"]
[Black "Lentrodt, Thomas"]
[Result "1/2-1/2"]
[BlackElo "2243"]
[WhiteElo "2315"]
[LiveChessVersion "1.4.8"]

1. d4 {[%clk 1:30:57]} d5 {[%clk 1:30:39]} 2. Nf3 {[%clk 1:31:18]} Nf6
{[%clk 1:31:00]} 3. e3 {[%clk 1:31:34]} e6 {[%clk 1:28:40]} 4. Bd3
{[%clk 1:31:56]} c5 {[%clk 1:28:30]} 5. c3 {[%clk 1:32:09]} Nc6 {[%clk 1:28:10]}
6. Nbd2 {[%clk 1:32:03]} Bd6 {[%clk 1:27:43]} 7. O-O {[%clk 1:32:11]} cxd4
{[%clk 1:20:41]} 8. exd4 {[%clk 1:32:23]} O-O {[%clk 1:21:03]} 9. Re1
{[%clk 1:30:46]} Nd7 {[%clk 1:09:31]} 10. Nf1 {[%clk 1:27:27]} h6
{[%clk 1:08:34]} 11. Bc2 {[%clk 1:22:03]} Re8 {[%clk 1:05:31]} 12. Ng3
{[%clk 1:09:33]} Nf8 {[%clk 1:01:06]} 13. Nh5 {[%clk 0:59:09]} e5
{[%clk 0:55:08]} 14. dxe5 {[%clk 0:48:52]} Nxe5 {[%clk 0:54:33]} 15. Nxe5
{[%clk 0:48:07]} Rxe5 {[%clk 0:50:34]} 16. Bf4 {[%clk 0:38:26]} Rxe1+
{[%clk 0:47:08]} 17. Qxe1 {[%clk 0:38:48]} Bg4 {[%clk 0:43:31]} 18. Bxd6
{[%clk 0:37:59]} Qxd6 {[%clk 0:43:41]} 19. Ng3 {[%clk 0:38:07]} Rd8
{[%clk 0:40:37]} 20. h3 {[%clk 0:36:36]} Be6 {[%clk 0:39:27]} 21. Rd1
{[%clk 0:31:51]} Qb6 {[%clk 0:37:01]} 22. Qd2 {[%clk 0:28:10]} Nd7
{[%clk 0:32:29]} 23. Nh5 {[%clk 0:26:46]} Ne5 {[%clk 0:18:21]} 24. Qf4
{[%clk 0:22:11]} Ng6 {[%clk 0:15:12]} 25. Qg3 {[%clk 0:22:13]} Bc8
{[%clk 0:13:51]} 26. Rd4 {[%clk 0:20:07]} Qd6 {[%clk 0:10:47]} 27. Bxg6
{[%clk 0:12:40]} Qxg6 {[%clk 0:06:35]} 28. Qxg6 {[%clk 0:11:59]} fxg6
{[%clk 0:07:03]} 29. Nf4 {[%clk 0:12:10]} Kf7 {[%clk 0:06:59]} 30. a3
{[%clk 0:05:25]} Be6 {[%clk 0:05:54]} 31. c4 {[%clk 0:02:18]} Kf6
{[%clk 0:02:27]} 32. cxd5 {[%clk 0:02:19]} Bf7 {[%clk 0:02:30]} 33. h4
{[%clk 0:00:40]} 1/2-1/2

[Event "Meisterschaft"]
[Site "?"]
[Date "2021.07.30"]
[Round "8.2"]
[White "Danielsen, Henrik"]
[Black "Plueg, Andreas"]
[Result "1-0"]
[BlackElo "2222"]
[WhiteElo "2516"]
[LiveChessVersion "1.4.8"]

1. e4 {[%clk 1:30:56]} e6 {[%clk 1:30:40]} 2. d3 {[%clk 1:30:26]} d5
{[%clk 1:27:44]} 3. Nd2 {[%clk 1:30:44]} Nf6 {[%clk 1:26:03]} 4. Ngf3
{[%clk 1:30:52]} Be7 {[%clk 1:26:02]} 5. g3 {[%clk 1:29:26]} dxe4
{[%clk 1:17:49]} 6. dxe4 {[%clk 1:27:12]} Nc6 {[%clk 1:16:07]} 7. c3
{[%clk 1:26:23]} O-O {[%clk 1:14:01]} 8. Be2 {[%clk 1:26:20]} e5 {[%clk 1:03:50]}
9. b4 {[%clk 1:26:38]} Bh3 {[%clk 0:52:49]} 10. Ng5 {[%clk 1:26:49]} Bd7
{[%clk 0:50:51]} 11. O-O {[%clk 1:27:10]} a6 {[%clk 0:46:58]} 12. a3
{[%clk 1:26:11]} h6 {[%clk 0:46:16]} 13. Ngf3 {[%clk 1:26:38]} Re8
{[%clk 0:46:35]} 14. Qc2 {[%clk 1:26:37]} Bf8 {[%clk 0:46:31]} 15. Bb2
{[%clk 1:26:55]} Bh3 {[%clk 0:41:12]} 16. Rfd1 {[%clk 1:26:37]} Ng4
{[%clk 0:41:13]} 17. Bf1 {[%clk 1:24:42]} Bxf1 {[%clk 0:41:34]} 18. Nxf1
{[%clk 1:24:39]} Qf6 {[%clk 0:38:08]} 19. Kg2 {[%clk 1:23:53]} Qe6
{[%clk 0:38:02]} 20. h3 {[%clk 1:23:06]} Nf6 {[%clk 0:38:24]} 21. Ne3
{[%clk 1:23:09]} Rad8 {[%clk 0:36:41]} 22. Rac1 {[%clk 1:16:44]} Be7
{[%clk 0:34:09]} 23. Re1 {[%clk 1:09:53]} Bf8 {[%clk 0:34:19]} 24. c4
{[%clk 1:06:27]} Bxb4 {[%clk 0:30:44]} 25. axb4 {[%clk 1:04:08]} Nxb4
{[%clk 0:31:10]} 26. Qb1 {[%clk 1:01:17]} Nd3 {[%clk 0:30:30]} 27. Nd5
{[%clk 1:01:23]} Nxe1+ {[%clk 0:30:13]} 28. Rxe1 {[%clk 0:59:14]} Nxd5
{[%clk 0:25:01]} 29. exd5 {[%clk 0:58:35]} Qb6 {[%clk 0:22:31]} 30. Nxe5
{[%clk 0:57:58]} f6 {[%clk 0:20:50]} 31. Nd3 {[%clk 0:55:37]} Qb3
{[%clk 0:20:51]} 32. Rc1 {[%clk 0:55:04]} Re2 {[%clk 0:12:14]} 33. Rc3
{[%clk 0:51:30]} Qb6 {[%clk 0:10:26]} 34. Qc1 {[%clk 0:51:43]} Qd4
{[%clk 0:09:45]} 35. Qf4 {[%clk 0:45:35]} Qxf4 {[%clk 0:09:19]} 36. gxf4
{[%clk 0:46:03]} c6 {[%clk 0:09:37]} 37. dxc6 {[%clk 0:46:03]} bxc6
{[%clk 0:09:42]} 38. Bc1 {[%clk 0:46:04]} a5 {[%clk 0:07:11]} 39. Nc5
{[%clk 0:44:24]} Rd1 {[%clk 0:02:33]} 40. Be3 {[%clk 0:42:59]} Rb2
{[%clk 0:01:11]} 41. f5 {[%clk 0:40:34]} Rb4 {[%clk 0:29:58]} 42. Nd3
{[%clk 1:06:00]} Rbb1 {[%clk 0:29:55]} 43. Kf3 {[%clk 1:03:24]} a4
{[%clk 0:28:42]} 44. Ke2 {[%clk 1:03:00]} Rh1 {[%clk 0:28:31]} 45. Nc5
{[%clk 1:00:43]} Ra1 {[%clk 0:24:02]} 46. Rd3 {[%clk 1:00:45]} a3
{[%clk 0:20:46]} 47. Rd8+ {[%clk 0:57:28]} Kf7 {[%clk 0:13:02]} 48. Ra8
{[%clk 0:57:56]} a2 {[%clk 0:12:30]} 49. Bd2 {[%clk 0:58:15]} Rxh3
{[%clk 0:11:19]} 50. Ne6 {[%clk 0:55:22]} Ke7 {[%clk 0:10:40]} 51. Ra7+ 1-0

[Event "Meisterschaft"]
[Site "?"]
[Date "2021.07.30"]
[Round "8.3"]
[White "Wenner, Tobias"]
[Black "Stolz, Mike"]
[Result "1/2-1/2"]
[BlackElo "2324"]
[WhiteElo "2117"]
[LiveChessVersion "1.4.8"]

1. Nf3 {[%clk 1:30:57]} Nf6 {[%clk 1:30:16]} 2. c4 {[%clk 1:31:20]} g6
{[%clk 1:30:32]} 3. g3 {[%clk 1:31:41]} Bg7 {[%clk 1:30:52]} 4. Bg2
{[%clk 1:32:01]} O-O {[%clk 1:31:11]} 5. O-O {[%clk 1:32:26]} d6 {[%clk 1:31:31]}
6. d4 {[%clk 1:32:45]} Nc6 {[%clk 1:31:38]} 7. Nc3 {[%clk 1:32:57]} e5
{[%clk 1:31:40]} 8. d5 {[%clk 1:32:21]} Nb8 {[%clk 1:31:33]} 9. e4
{[%clk 1:31:28]} Nbd7 {[%clk 1:31:01]} 10. Ne1 {[%clk 1:30:27]} a5
{[%clk 1:31:13]} 11. Nd3 {[%clk 1:27:47]} Nc5 {[%clk 1:30:06]} 12. Nxc5
{[%clk 1:27:06]} dxc5 {[%clk 1:30:25]} 13. Be3 {[%clk 1:26:49]} b6
{[%clk 1:30:37]} 14. h3 {[%clk 1:26:33]} Ne8 {[%clk 1:30:54]} 15. Qd2
{[%clk 1:12:16]} Nd6 {[%clk 1:29:53]} 16. b3 {[%clk 1:12:38]} f5 {[%clk 1:27:13]}
17. exf5 {[%clk 1:06:16]} gxf5 {[%clk 1:27:02]} 18. Bh6 {[%clk 1:03:02]} Qf6
{[%clk 1:16:20]} 19. Bxg7 {[%clk 1:02:30]} Qxg7 {[%clk 1:16:34]} 20. Kh2
{[%clk 0:52:10]} Bd7 {[%clk 1:14:47]} 21. a4 {[%clk 0:51:05]} Rae8
{[%clk 1:10:27]} 22. Rae1 {[%clk 0:48:51]} Rf6 {[%clk 1:04:54]} 23. Bf3
{[%clk 0:43:05]} Rh6 {[%clk 1:01:15]} 24. Rg1 {[%clk 0:37:34]} Kh8
{[%clk 1:00:14]} 25. g4 {[%clk 0:33:19]} e4 {[%clk 0:44:50]} 26. Bd1
{[%clk 0:30:02]} Rg8 {[%clk 0:36:38]} 27. f3 {[%clk 0:23:27]} fxg4
{[%clk 0:34:59]} 28. fxg4 {[%clk 0:22:56]} Qe5+ {[%clk 0:29:24]} 29. Rg3
{[%clk 0:22:18]} Nf5 {[%clk 0:28:19]} 30. Nxe4 {[%clk 0:22:34]} Nxg3
{[%clk 0:27:42]} 31. Nxg3 {[%clk 0:22:43]} Qg7 {[%clk 0:25:36]} 32. Re4
{[%clk 0:19:09]} Qf6 {[%clk 0:18:27]} 33. Rf4 {[%clk 0:13:56]} Qg7
{[%clk 0:18:26]} 34. Re4 {[%clk 0:14:09]} Rf8 {[%clk 0:12:43]} 35. Nh5
{[%clk 0:12:37]} Qg6 {[%clk 0:11:21]} 36. Bc2 {[%clk 0:07:15]} Qd6+
{[%clk 0:08:33]} 37. Kg2 {[%clk 0:07:22]} Kg8 {[%clk 0:05:16]} 38. Qc3
{[%clk 0:06:01]} Rf7 {[%clk 0:03:47]} 39. Re5 {[%clk 0:05:16]} Rhf6
{[%clk 0:00:35]} 40. Rg5+ {[%clk 0:02:29]} Kf8 {[%clk 0:01:03]} 41. Nxf6
{[%clk 0:02:29]} Rxf6 {[%clk 0:01:12]} 42. Qe5 {[%clk 0:29:33]} h6
{[%clk 0:25:36]} 43. Rh5 {[%clk 0:29:45]} Be8 {[%clk 0:25:54]} 44. Qxd6+
{[%clk 0:28:59]} cxd6 {[%clk 0:26:12]} 45. Rf5 {[%clk 0:29:05]} Kg7
{[%clk 0:22:53]} 46. Kg3 {[%clk 0:27:55]} Rxf5 {[%clk 0:22:41]} 47. Bxf5
{[%clk 0:28:15]} Kf6 {[%clk 0:23:02]} 48. Kf4 {[%clk 0:28:39]} Bf7
{[%clk 0:23:20]} 49. h4 {[%clk 0:28:33]} Be8 {[%clk 0:23:03]} 50. g5+
{[%clk 0:24:08]} hxg5+ {[%clk 0:22:36]} 51. hxg5+ {[%clk 0:24:37]} Kg7
{[%clk 0:22:52]} 52. Bc2 {[%clk 0:24:04]} 1/2-1/2

[Event "Meisterschaft"]
[Site "?"]
[Date "2021.07.30"]
[Round "8.4"]
[White "Schatz, Christian"]
[Black "Bub, Volker"]
[Result "1/2-1/2"]
[BlackElo "2074"]
[WhiteElo "2219"]
[LiveChessVersion "1.4.8"]

1. d4 {[%clk 1:30:47]} Nf6 {[%clk 1:30:42]} 2. Nf3 {[%clk 1:30:20]} g6
{[%clk 1:30:52]} 3. g3 {[%clk 1:29:05]} Bg7 {[%clk 1:31:14]} 4. Bg2
{[%clk 1:29:31]} O-O {[%clk 1:31:28]} 5. O-O {[%clk 1:29:43]} d6 {[%clk 1:31:26]}
6. b3 {[%clk 1:29:24]} c5 {[%clk 1:31:36]} 7. Bb2 {[%clk 1:29:20]} cxd4
{[%clk 1:32:00]} 8. Nxd4 {[%clk 1:29:39]} d5 {[%clk 1:31:50]} 9. c4
{[%clk 1:29:17]} dxc4 {[%clk 1:31:49]} 10. bxc4 {[%clk 1:28:50]} Qb6
{[%clk 1:31:02]} 11. Qb3 {[%clk 1:26:26]} Nfd7 {[%clk 1:30:40]} 12. Qxb6
{[%clk 1:12:09]} Nxb6 {[%clk 1:30:33]} 13. e3 {[%clk 1:10:03]} Nxc4
{[%clk 1:24:59]} 14. Bc3 {[%clk 1:10:12]} Nd7 {[%clk 1:20:13]} 15. Nb5
{[%clk 1:09:17]} Ndb6 {[%clk 1:15:13]} 16. a4 {[%clk 1:03:15]} a6
{[%clk 1:14:35]} 17. Nc7 {[%clk 1:03:20]} Rb8 {[%clk 1:14:28]} 18. a5
{[%clk 1:02:52]} Nd7 {[%clk 1:12:54]} 19. Rc1 {[%clk 1:00:37]} Bxc3
{[%clk 1:10:35]} 20. Nxc3 {[%clk 1:00:07]} b5 {[%clk 0:54:44]} 21. axb6
{[%clk 0:55:51]} Ndxb6 {[%clk 0:54:57]} 22. N3d5 {[%clk 0:52:13]} e6
{[%clk 0:44:41]} 23. Ne7+ {[%clk 0:49:45]} Kg7 {[%clk 0:45:05]} 24. Nc6
{[%clk 0:47:41]} Rb7 {[%clk 0:44:55]} 25. Nxa6 {[%clk 0:47:31]} Rd7
{[%clk 0:31:34]} 26. Nc5 {[%clk 0:44:41]} Rc7 {[%clk 0:28:28]} 27. Rab1
{[%clk 0:37:07]} Nd5 {[%clk 0:16:27]} 28. Rxc4 {[%clk 0:34:44]} Rxc6
{[%clk 0:16:55]} 29. Nxe6+ {[%clk 0:32:35]} Rxe6 {[%clk 0:17:17]} 30. Bxd5
{[%clk 0:32:55]} Rd6 {[%clk 0:17:36]} 31. e4 {[%clk 0:31:35]} Be6
{[%clk 0:13:31]} 32. Bxe6 {[%clk 0:29:09]} Rxe6 {[%clk 0:13:59]} 33. Rb7
{[%clk 0:27:38]} h5 {[%clk 0:12:42]} 34. h4 {[%clk 0:26:56]} Rfe8
{[%clk 0:12:34]} 35. f3 {[%clk 0:27:02]} R8e7 {[%clk 0:11:12]} 36. Rcc7
{[%clk 0:26:15]} Rxc7 {[%clk 0:11:10]} 37. Rxc7 {[%clk 0:26:42]} Kf6
{[%clk 0:11:00]} 38. Kf2 {[%clk 0:26:35]} Ra6 {[%clk 0:10:38]} 39. Ke3
{[%clk 0:26:31]} Ra3+ {[%clk 0:11:02]} 40. Kf4 {[%clk 0:26:47]} Rb3
{[%clk 0:11:14]} 41. g4 {[%clk 0:17:40]} hxg4 {[%clk 0:10:07]} 42. fxg4
{[%clk 0:18:00]} Rh3 {[%clk 0:10:03]} 43. e5+ {[%clk 0:15:08]} Ke6
{[%clk 0:10:20]} 44. Rc6+ {[%clk 0:12:47]} Ke7 {[%clk 0:08:22]} 45. Kg5
{[%clk 0:12:12]} Re3 {[%clk 0:06:52]} 46. Rc5 {[%clk 0:11:17]} Ke6
{[%clk 0:07:02]} 47. h5 {[%clk 0:10:06]} gxh5 {[%clk 0:07:00]} 48. gxh5
{[%clk 0:10:30]} Rg3+ {[%clk 0:05:56]} 49. Kf4 {[%clk 0:07:35]} Rh3
{[%clk 0:04:23]} 50. Rc6+ {[%clk 0:07:37]} Ke7 {[%clk 0:04:46]} 51. Rh6
{[%clk 0:07:38]} Rh1 {[%clk 0:04:48]} 52. Rh8 {[%clk 0:06:34]} Rf1+
{[%clk 0:05:04]} 53. Kg4 {[%clk 0:05:26]} Rg1+ {[%clk 0:03:52]} 54. Kf3
{[%clk 0:03:37]} Rf1+ {[%clk 0:02:59]} 55. Kg4 {[%clk 0:01:50]} Rg1+
{[%clk 0:03:25]} 56. Kh4 {[%clk 0:01:14]} Rh1+ {[%clk 0:29:37]} 57. Kg5
{[%clk 0:30:35]} Rg1+ {[%clk 0:29:17]} 58. Kh6 {[%clk 0:30:51]} Re1
{[%clk 0:25:54]} 59. Kg7 {[%clk 0:27:56]} Rxe5 {[%clk 0:21:28]} 60. h6
{[%clk 0:28:13]} Rg5+ {[%clk 0:20:45]} 61. Kh7 {[%clk 0:28:34]} f6
{[%clk 0:14:25]} 62. Rg8 {[%clk 0:26:52]} Kf7 {[%clk 0:14:26]} 63. Rg7+
{[%clk 0:25:37]} Kf8 {[%clk 0:14:37]} 64. Kh8 {[%clk 0:23:06]} Rh5
{[%clk 0:12:45]} 65. Kh7 {[%clk 0:18:58]} Rg5 {[%clk 0:12:57]} 66. Rb7
{[%clk 0:18:25]} Rg1 {[%clk 0:11:19]} 67. Rb8+ {[%clk 0:15:57]} Kf7
{[%clk 0:11:36]} 68. Kh8 {[%clk 0:15:34]} Rg6 {[%clk 0:10:26]} 69. h7
{[%clk 0:14:22]} Rg1 {[%clk 0:07:46]} 70. Rb7+ {[%clk 0:12:58]} Kf8
{[%clk 0:08:05]} 71. Rb4 {[%clk 0:12:46]} Rg2 {[%clk 0:07:47]} 72. Rb8+
{[%clk 0:12:56]} Kf7 {[%clk 0:08:10]} 73. Rg8 {[%clk 0:13:14]} Rg5
{[%clk 0:08:24]} 74. Rc8 {[%clk 0:08:02]} Rg1 {[%clk 0:06:29]} 75. Rc7+ 1/2-1/2

[Event "Meisterschaft"]
[Site "?"]
[Date "2021.07.30"]
[Round "8.5"]
[White "Puschendorf, Steffen"]
[Black "Gebhardt, Ulrich, Dr."]
[Result "0-1"]
[BlackElo "2059"]
[WhiteElo "2140"]
[LiveChessVersion "1.4.8"]

1. d4 {[%clk 1:30:56]} Nf6 {[%clk 1:30:54]} 2. c4 {[%clk 1:31:09]} e6
{[%clk 1:31:18]} 3. g3 {[%clk 1:31:26]} d5 {[%clk 1:31:40]} 4. Nf3
{[%clk 1:31:45]} Be7 {[%clk 1:32:01]} 5. Bg2 {[%clk 1:31:48]} O-O
{[%clk 1:32:22]} 6. O-O {[%clk 1:31:28]} c5 {[%clk 1:32:45]} 7. cxd5
{[%clk 1:31:07]} Nxd5 {[%clk 1:33:05]} 8. e4 {[%clk 1:24:58]} Nb6
{[%clk 1:33:03]} 9. dxc5 {[%clk 1:18:57]} Qxd1 {[%clk 1:26:10]} 10. Rxd1
{[%clk 1:18:35]} Bxc5 {[%clk 1:26:31]} 11. Nc3 {[%clk 1:18:16]} Bd7
{[%clk 1:13:44]} 12. b3 {[%clk 0:59:51]} Nc6 {[%clk 1:03:22]} 13. Bb2
{[%clk 0:56:59]} Rfd8 {[%clk 0:59:59]} 14. Rac1 {[%clk 0:47:09]} Be8
{[%clk 0:53:34]} 15. Nb5 {[%clk 0:41:38]} Rxd1+ {[%clk 0:49:35]} 16. Rxd1
{[%clk 0:42:03]} Rc8 {[%clk 0:44:28]} 17. Nc3 {[%clk 0:39:18]} Rd8
{[%clk 0:42:08]} 18. Rxd8 {[%clk 0:37:56]} Nxd8 {[%clk 0:42:25]} 19. Bf1
{[%clk 0:35:01]} Nc6 {[%clk 0:39:08]} 20. Kg2 {[%clk 0:33:12]} Nd4
{[%clk 0:35:57]} 21. Ne2 {[%clk 0:33:00]} Nxf3 {[%clk 0:33:14]} 22. Kxf3
{[%clk 0:33:23]} Bb5 {[%clk 0:30:35]} 23. Kg2 {[%clk 0:25:57]} Nd7
{[%clk 0:25:50]} 24. Nf4 {[%clk 0:20:23]} Bxf1+ {[%clk 0:23:06]} 25. Kxf1
{[%clk 0:20:52]} Bd6 {[%clk 0:22:57]} 26. Nd3 {[%clk 0:19:51]} Nc5
{[%clk 0:20:27]} 27. Nxc5 {[%clk 0:16:21]} Bxc5 {[%clk 0:20:48]} 28. Ke2
{[%clk 0:16:36]} g6 {[%clk 0:20:27]} 29. f3 {[%clk 0:15:08]} Bd6 {[%clk 0:17:15]}
30. Kd3 {[%clk 0:14:29]} Kf8 {[%clk 0:14:23]} 31. Bd4 {[%clk 0:12:44]} a6
{[%clk 0:14:26]} 32. a4 {[%clk 0:12:35]} Ke7 {[%clk 0:14:36]} 33. e5
{[%clk 0:08:22]} Ba3 {[%clk 0:12:15]} 34. Ke4 {[%clk 0:07:17]} Kd7
{[%clk 0:11:08]} 35. g4 {[%clk 0:04:48]} Kc6 {[%clk 0:09:34]} 36. h4
{[%clk 0:04:17]} h5 {[%clk 0:08:44]} 37. gxh5 {[%clk 0:03:13]} gxh5
{[%clk 0:09:05]} 38. Be3 {[%clk 0:02:55]} Be7 {[%clk 0:08:10]} 39. Bf2
{[%clk 0:02:54]} b5 {[%clk 0:03:50]} 40. f4 {[%clk 0:02:10]} Bc5 {[%clk 0:02:29]}
41. Be1 {[%clk 0:02:20]} bxa4 {[%clk 0:01:37]} 42. bxa4 {[%clk 0:02:48]} Bg1
{[%clk 0:29:31]} 43. Bb4 {[%clk 0:23:57]} Bf2 {[%clk 0:29:12]} 44. Be7
{[%clk 0:24:20]} Bg3 {[%clk 0:25:42]} 45. Kf3 {[%clk 0:18:58]} Be1
{[%clk 0:25:49]} 46. Ke4 {[%clk 0:19:23]} Kb6 {[%clk 0:24:14]} 47. Bd8+
{[%clk 0:17:05]} Kc5 {[%clk 0:24:32]} 48. Kd3 {[%clk 0:14:49]} Kb4
{[%clk 0:21:38]} 49. Ke2 {[%clk 0:14:50]} Bc3 {[%clk 0:21:41]} 50. Kd3
{[%clk 0:15:14]} Bb2 {[%clk 0:20:01]} 51. a5 {[%clk 0:11:51]} Kb5
{[%clk 0:19:51]} 52. Kc2 {[%clk 0:10:38]} Ba3 {[%clk 0:19:38]} 53. Kb3
{[%clk 0:10:51]} Bb4 {[%clk 0:19:52]} 54. Bf6 {[%clk 0:08:42]} Bxa5
{[%clk 0:20:09]} 55. Be7 {[%clk 0:08:43]} Bd2 {[%clk 0:20:20]} 56. Bg5
{[%clk 0:09:07]} Be1 {[%clk 0:19:48]} 57. Bd8 {[%clk 0:09:05]} Bg3
{[%clk 0:19:39]} 58. Bg5 {[%clk 0:09:24]} a5 {[%clk 0:19:49]} 0-1

[Event "Meisterschaft"]
[Site "?"]
[Date "2021.07.30"]
[Round "8.6"]
[White "Schober, Ralf"]
[Black "Biebinger, Gerhard"]
[Result "1/2-1/2"]
[BlackElo "2236"]
[WhiteElo "2053"]
[LiveChessVersion "1.4.8"]

1. Nc3 d5 2. e3 Nf6 3. Nf3 Bf5 4. d4 e6 5. Bd3 Be7 6. Bxf5 exf5 7. Qd3 Qc8 8. Bd2
O-O 9. O-O c6 10. Ne2 g6 11. c4 dxc4 12. Qxc4 Nbd7 13. Bb4 Nb6 14. Qb3 Bxb4 15.
Qxb4 Nbd5 16. Qd2 Qe6 17. Rfe1 Ne4 18. Qd1 Rfd8 19. a3 Qd6 20. Nd2 Nef6 21. Nc4
Qe7 22. Qb3 Kg7 23. Rad1 Qc7 24. Ne5 Qb6 25. Qxb6 axb6 26. Nd3 b5 27. Ra1 Ra7 28.
Red1 Ne4 29. Rab1 Re8 30. Nef4 Nef6 31. Nxd5 Nxd5 32. h4 h6 33. Re1 Re7 34. g3
Ra8 35. Kg2 Rae8 36. Kf3 Nb6 37. Ra1 Ra8 38. Red1 Nc4 39. Rab1 Nd6 40. Rbc1 Nc4
41. Rb1 Nb6 42. Nb4 Rd7 43. Rbc1 Rad8 44. Ke2 Nc4 45. Nd3 Re7 46. Kf3 h5 47. Ra1
Ra8 48. Rab1 Rd8 49. Ra1 Ra8 50. Rab1 Rd8 1/2-1/2

[Event "Meisterschaft"]
[Site "?"]
[Date "2021.07.30"]
[Round "8.7"]
[White "Heck, Norbert"]
[Black "Proschmann, Tino"]
[Result "1-0"]
[BlackElo "2111"]
[WhiteElo "2230"]
[LiveChessVersion "1.4.8"]

1. Nf3 {[%clk 1:30:54]} c5 {[%clk 1:30:55]} 2. c4 {[%clk 1:31:19]} g6
{[%clk 1:31:20]} 3. g3 {[%clk 1:31:35]} Bg7 {[%clk 1:31:45]} 4. Bg2
{[%clk 1:31:59]} Nc6 {[%clk 1:32:07]} 5. Nc3 {[%clk 1:32:21]} e6 {[%clk 1:32:27]}
6. O-O {[%clk 1:32:27]} Nge7 {[%clk 1:32:49]} 7. Rb1 {[%clk 1:29:25]} O-O
{[%clk 1:32:52]} 8. a3 {[%clk 1:29:47]} a5 {[%clk 1:26:01]} 9. d3
{[%clk 1:29:42]} d6 {[%clk 1:25:26]} 10. Bd2 {[%clk 1:29:54]} b6 {[%clk 1:25:15]}
11. Nb5 {[%clk 1:28:15]} Rb8 {[%clk 1:19:22]} 12. b4 {[%clk 1:24:49]} Bb7
{[%clk 1:10:10]} 13. bxa5 {[%clk 1:23:54]} bxa5 {[%clk 1:09:48]} 14. Bc3
{[%clk 1:22:42]} e5 {[%clk 1:07:52]} 15. Qd2 {[%clk 1:19:42]} f5 {[%clk 0:56:33]}
16. e3 {[%clk 1:18:27]} d5 {[%clk 0:48:21]} 17. cxd5 {[%clk 1:15:22]} Nxd5
{[%clk 0:47:57]} 18. Ba1 {[%clk 1:11:46]} Ba6 {[%clk 0:34:27]} 19. Nc3
{[%clk 1:10:47]} Rxb1 {[%clk 0:27:17]} 20. Rxb1 {[%clk 1:11:01]} Nxc3
{[%clk 0:25:26]} 21. Qxc3 {[%clk 1:10:01]} Qxd3 {[%clk 0:25:08]} 22. Qxd3
{[%clk 1:07:17]} Bxd3 {[%clk 0:25:30]} 23. Rb6 {[%clk 1:07:09]} Rc8
{[%clk 0:09:55]} 24. Ng5 {[%clk 1:00:38]} Nd8 {[%clk 0:09:05]} 25. Bd5+
{[%clk 1:00:23]} Kh8 {[%clk 0:08:49]} 26. Rd6 {[%clk 0:58:28]} Be4
{[%clk 0:03:26]} 27. Bxe4 {[%clk 0:57:12]} fxe4 {[%clk 0:03:20]} 28. Rxd8+
{[%clk 0:57:23]} 1-0

[Event "Meisterschaft"]
[Site "?"]
[Date "2021.07.30"]
[Round "8.8"]
[White "Kottke, Steffen"]
[Black "Juegel, Marcel"]
[Result "0-1"]
[BlackElo "2207"]
[WhiteElo "1932"]
[LiveChessVersion "1.4.8"]

1. e4 {[%clk 1:30:55]} e6 {[%clk 1:30:41]} 2. d4 {[%clk 1:31:19]} a6
{[%clk 1:30:27]} 3. g3 {[%clk 1:28:56]} b5 {[%clk 1:30:19]} 4. Bg2
{[%clk 1:29:16]} Bb7 {[%clk 1:30:41]} 5. Be3 {[%clk 1:28:09]} Qe7
{[%clk 1:18:24]} 6. Nd2 {[%clk 1:24:15]} f5 {[%clk 1:17:55]} 7. f3
{[%clk 1:20:57]} Nf6 {[%clk 1:10:35]} 8. Ne2 {[%clk 1:20:38]} fxe4
{[%clk 1:08:56]} 9. fxe4 {[%clk 1:19:44]} Ng4 {[%clk 1:07:30]} 10. Bf4
{[%clk 1:18:23]} g5 {[%clk 1:05:00]} 11. Nc3 {[%clk 1:17:00]} h5 {[%clk 1:02:18]}
12. h3 {[%clk 1:05:55]} Nf2 {[%clk 1:02:31]} 13. Bxg5 {[%clk 1:05:03]} Qxg5
{[%clk 0:48:04]} 14. Kxf2 {[%clk 1:05:19]} Rg8 {[%clk 0:47:58]} 15. Ne2
{[%clk 1:04:29]} Bh6 {[%clk 0:47:04]} 16. Nf1 {[%clk 1:03:30]} h4
{[%clk 0:46:50]} 17. g4 {[%clk 0:58:05]} Rf8+ {[%clk 0:47:12]} 18. Kg1
{[%clk 0:58:06]} Nc6 {[%clk 0:47:00]} 19. c3 {[%clk 0:54:28]} O-O-O
{[%clk 0:47:09]} 20. a4 {[%clk 0:45:13]} Rf7 {[%clk 0:46:19]} 21. axb5
{[%clk 0:45:18]} axb5 {[%clk 0:42:46]} 22. Qd3 {[%clk 0:39:08]} Rdf8
{[%clk 0:42:58]} 23. Rh2 {[%clk 0:37:29]} Ne7 {[%clk 0:39:11]} 24. Ra5
{[%clk 0:34:56]} Qf6 {[%clk 0:38:00]} 25. Ra1 {[%clk 0:33:43]} Ng6
{[%clk 0:24:51]} 26. b3 {[%clk 0:30:18]} Bf4 {[%clk 0:18:37]} 27. Nxf4
{[%clk 0:29:02]} Nxf4 {[%clk 0:18:51]} 28. Qe3 {[%clk 0:28:58]} Nxg2
{[%clk 0:18:16]} 29. Rxg2 {[%clk 0:28:45]} Qf3 {[%clk 0:17:36]} 30. Qxf3
{[%clk 0:21:18]} Rxf3 {[%clk 0:18:04]} 31. Nd2 {[%clk 0:21:35]} Rxc3
{[%clk 0:17:16]} 32. Rf1 {[%clk 0:21:20]} Rxf1+ {[%clk 0:15:35]} 33. Kxf1
{[%clk 0:17:06]} Kd8 {[%clk 0:15:37]} 34. Kf2 {[%clk 0:07:08]} Rxh3
{[%clk 0:13:28]} 35. g5 {[%clk 0:06:49]} Ke7 {[%clk 0:13:27]} 36. Rg4
{[%clk 0:06:55]} Rh2+ {[%clk 0:07:42]} 37. Rg2 {[%clk 0:05:40]} Rh1
{[%clk 0:07:45]} 38. Ke2 {[%clk 0:04:33]} Kf7 {[%clk 0:05:58]} 39. Ke3
{[%clk 0:03:32]} h3 {[%clk 0:05:41]} 40. Rg3 {[%clk 0:02:47]} h2 {[%clk 0:05:43]}
41. Rf3+ {[%clk 0:02:27]} Kg6 {[%clk 0:04:41]} 42. Nf1 {[%clk 0:02:15]} Rg1
{[%clk 0:03:18]} 43. Nxh2 {[%clk 0:28:46]} Re1+ {[%clk 0:31:35]} 44. Kf2
{[%clk 0:23:40]} Rxe4 {[%clk 0:31:53]} 45. Rf8 {[%clk 0:23:34]} Rxd4
{[%clk 0:31:52]} 46. Rb8 {[%clk 0:23:00]} Bc6 {[%clk 0:31:45]} 47. Rg8+
{[%clk 0:21:02]} Kf7 {[%clk 0:31:57]} 48. Rc8 {[%clk 0:21:20]} Rd2+
{[%clk 0:30:57]} 49. Kg3 {[%clk 0:21:15]} Rg2+ {[%clk 0:31:20]} 50. Kh3
{[%clk 0:21:34]} Rxg5 {[%clk 0:31:28]} 51. Ng4 {[%clk 0:20:57]} Rc5
{[%clk 0:31:36]} 52. Kh4 {[%clk 0:20:49]} Bf3 {[%clk 0:30:51]} 53. Ne5+
{[%clk 0:20:18]} 0-1